Central Library OPAC University of Rajshahi

চাঁদ বণিকের পালা / (Record no. 84798)

MARC details
000 -LEADER
fixed length control field 00821nam a2200241 a 4500
001 - CONTROL NUMBER
control field 84798
003 - CONTROL NUMBER IDENTIFIER
rucl marc code BD-RjUL
005 - DATE AND TIME OF LATEST TRANSACTION
control field 20250410112419.0
008 - FIXED-LENGTH DATA ELEMENTS--GENERAL INFORMATION
fixed length control field 250410s2003 ii ||||| |||| 00| d ben d
020 ## - INTERNATIONAL STANDARD BOOK NUMBER
International Standard Book Number 817156033 :
Terms of availability Rs.50.00
035 ## - SYSTEM CONTROL NUMBER
System control number (BD-RjUL)84798
040 ## - CATALOGING SOURCE
Original cataloging agency BD-RjUL
Language of cataloging ben
Transcribing agency BD-RjUL
041 ## - LANGUAGE CODE
Language code of text/sound track or separate title ben
082 ## - DEWEY DECIMAL CLASSIFICATION NUMBER
Edition number 23
Classification number 891.442
Author mark and year MIC 2003
100 ## - MAIN ENTRY--PERSONAL NAME
Personal name মিত্র, শম্ভু
9 (RLIN) 126171
245 10 - TITLE STATEMENT
Title চাঁদ বণিকের পালা /
Statement of responsibility, etc. শম্ভু মিত্র
250 ## - EDITION STATEMENT
Edition statement ৮ম সং.
260 ## - PUBLICATION, DISTRIBUTION, ETC. (IMPRINT)
Place of publication, distribution, etc. কলিকাতা :
Name of publisher, distributor, etc. এম. সি. সরকার এ্যাণ্ড সন্স,
Date of publication, distribution, etc. ২০০৩
300 ## - PHYSICAL DESCRIPTION
Pagination ১২৫ পৃ. ;
Size ২২ সেমি.
650 ## - SUBJECT ADDED ENTRY--TOPICAL TERM
Topical term or geographic name as entry element বাংলা নাটক
9 (RLIN) 126172
Topical term or geographic name as entry element Bengali drama
9 (RLIN) 126173
942 ## - ADDED ENTRY ELEMENTS (KOHA)
Source of classification or shelving scheme Dewey Decimal Classification
Koha item type Books
Holdings
Lost status Source of classification or shelving scheme Damaged status Not for loan Collection code Permanent Location Current Location Shelving location Date acquired Source of acquisition Cost, normal purchase price Total Checkouts Full call number Date last seen Copy number Koha item type
  Dewey Decimal Classification   Not For Loan Non-fiction Central Library, University of Rajshahi Central Library, University of Rajshahi Reading Room 17/07/2006 Paragon Enter prise 50.00   B 891.442 MIC 2003 10/04/2025 C-1 Books